| 000 | 01784nem0a2200277 4500 | ||
|---|---|---|---|
| 001 | RU\NLR\BIBL_A\012740117 | ||
| 005 | 20260409065131.0 | ||
| 035 | _a(NLR Aleph) 012740117 | ||
| 090 |
_a12999649 _c12999649 |
||
| 100 | _a20220324d1934 |||y0rusy50 ca | ||
| 101 | 0 | _arus | |
| 102 | _aRU | ||
| 120 | _abyy xx|| | ||
| 123 | 1 |
_aа _b2000000 |
|
| 200 | 1 |
_aАдминистративная карта Северного края с физическим и экономическим обзорами _bКарты _eГраницы районов на 1-ое августа 1934 г. _fСост. под ред. и рук. А. Ф. Белавина |
|
| 206 | _a1:2 000 000, 20 км в 1 см | ||
| 210 |
_a[Архангельск] _cСев. картогр. предприятие ВКТ Г.Г.Г.Г.У. Н.К.Т.П. СССР _d1934 |
||
| 215 |
_a1 к. (4 л.) _cцв., текст _d47х62 см |
||
| 327 | 1 | _aДоп. карты: Краткий физический обзор Северного края: Рельеф, полезные ископаемые и метеорологические данные.- 1:6 000 000; Краткий экономический обзор Северного края: Размещение главнейших промышленных предприятий Северного края, лесных массивов и угодий сельско-хозяйственного значения.- 1:6 000 000 | |
| 509 | 0 | 1 |
_7ca _aСеверный край _92634775 _3RU\NLR\auth_crt\551606 |
| 607 |
_aСеверный край _jКарты _91083116 _3RU\NLR\AUTH\66104773 |
||
| 608 |
_aАдминистративные карты _3RU\NLR\AUTH\667834 _9901648 |
||
| 852 |
_aNLR _bК _j4-Сев 2/47 _m2376 _t2377 |
||
| 942 | _cMAP | ||
| 980 | _aNB | ||